000 00658cas a22002055a 4500
001 L154862
008 120124d1980 xxkar eng u
035 _a(Sirsi) u154862
041 0 _aeng
110 2 _aRoyal Institution of Chartered Surveyors
_94900
245 0 0 _aWho's who at HQ
260 _aLondon
_bRICS
_c1980-1987
362 0 _aOctober 1980-September 1987
520 _aLists senior staff and their responsibilities, together with members of councils and committees. Includes an organisation chart.
554 _aOne per year
651 4 _aUnited Kingdom
_y
690 _aBusiness and management
785 0 0 _tStructure of HQ
942 _n0
999 _c119367
_d119367